Australian Honeyeaters Quiz - Statistics

General Stats
  • This quiz has been taken 145 times
  • The average score is 46 of 75
Answer Stats
Answer % Correct
Red Wattlebird
97%
Yellow Wattlebird
93%
Little Wattlebird
90%
Brown Honeyeater
87%
Noisy Miner
87%
Scarlet Honeyeater
87%
New Holland Honeyeater
83%
White-naped Honeyeater
83%
Blue-faced Honeyeater
80%
Lewin's Honeyeater
80%
Yellow-faced Honeyeater
80%
Black Honeyeater
77%
Grey Honeyeater
77%
Noisy Friarbird
77%
White-plumed Honeyeater
77%
Yellow Honeyeater
77%
Yellow-tufted Honeyeater
77%
Eastern Spinebill
73%
White-eared Honeyeater
73%
Regent Honeyeater
70%
Singing Honeyeater
70%
Yellow-plumed Honeyeater
70%
Fuscous Honeyeater
67%
Little Friarbird
67%
Pied Honeyeater
67%
Yellow-throated Honeyeater
67%
Yellow-throated Miner
67%
Bell Miner
63%
Brown-headed Honeyeater
63%
Helmeted Friarbird
63%
Mangrove Honeyeater
63%
Painted Honeyeater
63%
Western Spinebill
63%
Western Wattlebird
63%
Bar-breasted Honeyeater
60%
Crimson Chat
60%
Orange Chat
60%
White-fronted Chat
60%
White-gaped Honeyeater
60%
White-throated Honeyeater
60%
Dusky Honeyeater
57%
Grey-headed Honeyeater
57%
Purple-gaped Honeyeater
57%
Red-headed Honeyeater
57%
Tawny-crowned Honeyeater
57%
White-cheeked Honeyeater
57%
White-fronted Honeyeater
57%
Banded Honeyeater
53%
Black-eared Miner
53%
Striped Honeyeater
53%
Varied Honeyeater
53%
Yellow Chat
53%
Black-headed Honeyeater
50%
Crescent Honeyeater
50%
Eungella Honeyeater
50%
Gibberbird
50%
Grey-fronted Honeyeater
50%
Macleay's Honeyeater
50%
Rufous-banded Honeyeater
50%
White-lined Honeyeater
50%
Yellow-spotted Honeyeater
50%
Silver-crowned Friarbird
47%
Spiny-cheeked Honeyeater
47%
Strong-billed Honeyeater
47%
White-streaked Honeyeater
47%
Black-chinned Honeyeater
43%
Brown-backed Honeyeater
43%
Green-backed Honeyeater
43%
Rufous-throated Honeyeater
43%
Yellow-tinted Honeyeater
43%
Kimberley Honeyeater
40%
Bridled Honeyeater
37%
Western White-naped Honeyeater
37%
Graceful Honeyeater
33%
Tawny-breasted Honeyeater
33%
No matching quizzes found
Score Distribution
Percent of People with Each Score
Percentile by Number Answered
Your Score History
You have not taken this quiz